000 00742nam a2200229 i 4500
001 141825
003 ES-MaACL
005 20250927160149.0
007 t|
008 070928s1967 sp ||||1| spa d
080 _a616.12
080 _a616.127-005.8
100 1 _aViña, J.
_9115357
245 1 0 _aMecanismo de la muerte por infarto de miocardio
_b: y otros estudios de cardiología experimental /
_cJ. Viña ; prólogo de M. Díaz Rubio.
260 _aValencia :
_bSaber,
_c[1967]
300 _aXV, 142 p. :
_bil. ;
_c25 cm.
650 1 4 _aInfarto de miocardio.
_913749
650 1 4 _aCardiología.
_910775
700 1 _aDíaz Rubio, Manuel,
_d1908-1976
_944415
852 _aES-MaACL
_jC-28978
_bR.65432
999 _c141825
_d141825